00332nam a2200085Ia 4500008004100000245004200041260000900083300012200092650003200214180130s9999 xx 000 0 und d cGiora, Rami BaraChildren and theater c2014 aBook title: Play : psychoanalytic perspectives, survival and human development--Acession number C18636; pages 186-196 aPLAY--PSYCHOLOGICAL ASPECTS